ბათუმის შოთა რუსთაველის სახელმწიფო უნივერსიტეტის ბიბლიოთეკა

The Wild Seed (ბიბ.ჩანაწერი № 45762)

000 -LEADER
fixed length control field 00407nam a2200193Ia 4500
001 - CONTROL NUMBER
control field 12589
003 - CONTROL NUMBER IDENTIFIER
control field GE_BSU
008 - FIXED-LENGTH DATA ELEMENTS--GENERAL INFORMATION
fixed length control field 181216s||||||||xx |||||||||||||| ||und||
040 ## - CATALOGING SOURCE
Transcribing agency GE_BSU
080 ## - UNIVERSAL DECIMAL CLASSIFICATION NUMBER
Universal Decimal Classification number 821.111-32
100 ## - MAIN ENTRY--PERSONAL NAME
Personal name Gower,Iris
245 #4 - TITLE STATEMENT
Title The Wild Seed
260 ## - PUBLICATION, DISTRIBUTION, ETC.
Place of publication, distribution, etc. Great Britain
260 ## - PUBLICATION, DISTRIBUTION, ETC.
Name of publisher, distributor, etc. Corgi books
260 ## - PUBLICATION, DISTRIBUTION, ETC.
Date of publication, distribution, etc. 1997
300 ## - PHYSICAL DESCRIPTION
Extent 444p.18cm.
653 ## - INDEX TERM--UNCONTROLLED
Uncontrolled term The Wild Seed
942 ## - ADDED ENTRY ELEMENTS (KOHA)
Koha item type წიგნი
ეგზემპლარები
Withdrawn status Lost status Damaged status Not for loan Date acquired Barcode Date last seen Price effective from Koha item type
        2018-12-17 35879 2018-12-17 2018-12-17 წიგნი